ბათუმის შოთა რუსთაველის სახელმწიფო უნივერსიტეტის ბიბლიოთეკა

სატრანსპორტო სისტემები (ბიბ.ჩანაწერი № 43795)

000 -LEADER
fixed length control field 00644nam a2200229Ia 4500
001 - CONTROL NUMBER
control field 10540
003 - CONTROL NUMBER IDENTIFIER
control field GE_BSU
008 - FIXED-LENGTH DATA ELEMENTS--GENERAL INFORMATION
fixed length control field 181216s||||||||xx |||||||||||||| ||und||
020 ## - INTERNATIONAL STANDARD BOOK NUMBER
International Standard Book Number 9789941179587
040 ## - CATALOGING SOURCE
Transcribing agency GE_BSU
080 ## - UNIVERSAL DECIMAL CLASSIFICATION NUMBER
Universal Decimal Classification number 656.073
100 ## - MAIN ENTRY--PERSONAL NAME
Personal name ხარიტონაშვილი,ვ
245 ## - TITLE STATEMENT
Title სატრანსპორტო სისტემები
260 ## - PUBLICATION, DISTRIBUTION, ETC.
Place of publication, distribution, etc. თბილისი
260 ## - PUBLICATION, DISTRIBUTION, ETC.
Name of publisher, distributor, etc. უნივერსალი
260 ## - PUBLICATION, DISTRIBUTION, ETC.
Date of publication, distribution, etc. 2013
300 ## - PHYSICAL DESCRIPTION
Extent 114გვ;20სმ.
300 ## - PHYSICAL DESCRIPTION
Accompanying material ბიბლიოგრ.გვ:113.ნახ;ცხრ;
653 ## - INDEX TERM--UNCONTROLLED
Uncontrolled term 656.073
942 ## - ADDED ENTRY ELEMENTS (KOHA)
Koha item type წიგნი
ეგზემპლარები
Withdrawn status Lost status Damaged status Not for loan Date acquired Barcode Date last seen Price effective from Koha item type Public note
        2018-12-17 34586 2018-12-17 2018-12-17 წიგნი ილია ჭავჭავაძის ბიბლიოთეკა
        2018-12-17 34587 2018-12-17 2018-12-17 წიგნი საინჟინრო-ტექნოლოგიური ფაკულტეტი
        2018-12-17 34588 2018-12-17 2018-12-17 წიგნი საინჟინრო-ტექნოლოგიური ფაკულტეტი
        2018-12-17 34589 2018-12-17 2018-12-17 წიგნი საინჟინრო-ტექნოლოგიური ფაკულტეტი
        2018-12-17 34590 2018-12-17 2018-12-17 წიგნი საინჟინრო-ტექნოლოგიური ფაკულტეტი
        2018-12-17 34591 2018-12-17 2018-12-17 წიგნი საინჟინრო-ტექნოლოგიური ფაკულტეტი
        2018-12-17 34592 2018-12-17 2018-12-17 წიგნი საინჟინრო-ტექნოლოგიური ფაკულტეტი
        2018-12-17 34593 2018-12-17 2018-12-17 წიგნი საინჟინრო-ტექნოლოგიური ფაკულტეტი
        2018-12-17 34594 2018-12-17 2018-12-17 წიგნი საინჟინრო-ტექნოლოგიური ფაკულტეტი
        2018-12-17 34595 2018-12-17 2018-12-17 წიგნი საინჟინრო-ტექნოლოგიური ფაკულტეტი
        2018-12-17 34596 2018-12-17 2018-12-17 წიგნი საინჟინრო-ტექნოლოგიური ფაკულტეტი
        2018-12-17 34597 2018-12-17 2018-12-17 წიგნი საინჟინრო-ტექნოლოგიური ფაკულტეტი
        2018-12-17 34598 2018-12-17 2018-12-17 წიგნი საინჟინრო-ტექნოლოგიური ფაკულტეტი
        2018-12-17 34599 2018-12-17 2018-12-17 წიგნი საინჟინრო-ტექნოლოგიური ფაკულტეტი
        2018-12-17 34600 2018-12-17 2018-12-17 წიგნი საინჟინრო-ტექნოლოგიური ფაკულტეტი
        2018-12-17 34601 2018-12-17 2018-12-17 წიგნი საინჟინრო-ტექნოლოგიური ფაკულტეტი
        2018-12-17 34602 2018-12-17 2018-12-17 წიგნი საინჟინრო-ტექნოლოგიური ფაკულტეტი
        2018-12-17 34603 2018-12-17 2018-12-17 წიგნი საინჟინრო-ტექნოლოგიური ფაკულტეტი
        2018-12-17 34604 2018-12-17 2018-12-17 წიგნი საინჟინრო-ტექნოლოგიური ფაკულტეტი
        2018-12-17 34605 2018-12-17 2018-12-17 წიგნი საინჟინრო-ტექნოლოგიური ფაკულტეტი